| 000 | 02109nam2a22003611 4500 | ||
|---|---|---|---|
| 001 | RU\NLR\A1SV\21043 | ||
| 005 | 20251203152403.2 | ||
| 035 | _a(NLR Aleph) 009705989 | ||
| 090 |
_a13478441 _c13478441 |
||
| 100 | _a19800104d1923 u y0rusy50 ca | ||
| 101 | 0 | _arus | |
| 200 | 0 | _aВып.1 | |
| 210 | _d1923 | ||
| 215 |
_a111 с. _cил. |
||
| 327 | 0 | _aАвт.: Н.Ульянова-Крупская, Е.Медынский, Н.Ленин, Н.Бугославская, И.Исаев, С.Смидович, А.Галина, Калмыков, С.Фрумин, П.Сычев и др. | |
| 461 | 1 |
_1001RU\NLR\A1SV\21042 _12000#$aВсе на борьбу с темнотой$eСб. ст. по ликвидации неграмотности среди населения РСФСР$fВсерос. чрезв. комис. по ликвидации безграмотности при Главполитпросвете$vВып.1 _99810458 _cМ. _d1923-1926 _fВсерос. чрезв. комис. по ликвидации безграмотности при Главполитпросвете _nКрас. новь _oСб. ст. по ликвидации неграмотности среди населения РСФСР _tВсе на борьбу с темнотой _vВып.1 |
|
| 702 | 1 |
_6z01790 _aКрупская _bН.К. _f1869-1939 _gНадежда Константиновна |
|
| 702 | 1 |
_aМедынский _bЕ.Н. _f1885-1957 _gЕвгений Николаевич |
|
| 702 | 1 |
_6z02790 _aЛенин _bВ.И. _f1870-1924 _gВладимир Ильич |
|
| 702 | 1 |
_aБугославская _bН.Г. _gНаталья Григорьевна |
|
| 702 | 1 |
_aИсаев _bИ. |
|
| 702 | 1 |
_aСмидович _bС.Н. _f1872-1934 _gСофия Николаевна |
|
| 702 | 1 |
_aГалина _bА. |
|
| 702 | 1 | _aКалмыков | |
| 702 | 1 |
_aФрумин _bС. |
|
| 702 | 1 |
_aСычев _bП.А. _gПетр Алексеевич |
|
| 790 | 1 |
_6z01702 _aУльянова-Крупская _bН. |
|
| 790 | 1 |
_6z02702 _aЛенин _bН. |
|
| 801 | 0 |
_aRU _bNLR _c19800104 |
|
| 942 | _cBOOK | ||
| 980 | _aA1SV | ||
| 980 | _aNB | ||